<?xml version='1.0' encoding='UTF-8'?><?xml-stylesheet href='static/style.xsl' type='text/xsl'?><OAI-PMH xmlns="http://www.openarchives.org/OAI/2.0/" xmlns:xsi="http://www.w3.org/2001/XMLSchema-instance" xsi:schemaLocation="http://www.openarchives.org/OAI/2.0/ http://www.openarchives.org/OAI/2.0/OAI-PMH.xsd"><responseDate>2026-05-01T00:26:20Z</responseDate><request verb="GetRecord" identifier="oai:ebiltegia.mondragon.edu:20.500.11984/13908" metadataPrefix="marc">https://ebiltegia.mondragon.edu/oai/request</request><GetRecord><record><header><identifier>oai:ebiltegia.mondragon.edu:20.500.11984/13908</identifier><datestamp>2026-01-29T08:36:57Z</datestamp><setSpec>com_20.500.11984_1143</setSpec><setSpec>col_20.500.11984_1148</setSpec></header><metadata><record xmlns="http://www.loc.gov/MARC21/slim" xmlns:dcterms="http://purl.org/dc/terms/" xmlns:xsi="http://www.w3.org/2001/XMLSchema-instance" xmlns:doc="http://www.lyncode.com/xoai" xsi:schemaLocation="http://www.loc.gov/MARC21/slim http://www.loc.gov/standards/marcxml/schema/MARC21slim.xsd">
   <leader>00925njm 22002777a 4500</leader>
   <datafield ind2=" " ind1=" " tag="042">
      <subfield code="a">dc</subfield>
   </datafield>
   <datafield ind2=" " ind1=" " tag="720">
      <subfield code="a">Souto, Iñigo</subfield>
      <subfield code="e">author</subfield>
   </datafield>
   <datafield ind2=" " ind1=" " tag="720">
      <subfield code="a">Penalba, Markel</subfield>
      <subfield code="e">author</subfield>
   </datafield>
   <datafield ind2=" " ind1=" " tag="720">
      <subfield code="a">Martinez Agirre, Manex</subfield>
      <subfield code="e">author</subfield>
   </datafield>
   <datafield ind2=" " ind1=" " tag="720">
      <subfield code="a">Esnaola, Jon Ander</subfield>
      <subfield code="e">author</subfield>
   </datafield>
   <datafield ind2=" " ind1=" " tag="720">
      <subfield code="a">Llavori, Inigo</subfield>
      <subfield code="e">author</subfield>
   </datafield>
   <datafield ind2=" " ind1=" " tag="720">
      <subfield code="a">Aizpurua Unanue, Jose Ignacio</subfield>
      <subfield code="e">author</subfield>
   </datafield>
   <datafield ind2=" " ind1=" " tag="260">
      <subfield code="c">2020</subfield>
   </datafield>
   <datafield ind2=" " ind1=" " tag="520">
      <subfield code="a">The present paper presents a preliminary study on the structural integrity analysis of Floating Offshore Wind Turbine (FOWT) platforms, using different methods to compute hydrodynamic loads and determine the deformation and stress levels on the structure via Finite Element Analysis (FEA). Hydrodynamic loads are computed using both a Boundary Element Method (BEM) and a Finite Volume Method considering the Reynolds Average Navier-Stokes (RANS) model. In addition, the structural analysis is divided into two steps, analysing the modal response of the structure on the one hand, and the static structural analysis on the other, where, in turn, two sets of boundary conditions are tested: fixed boundary conditions that totally restrict the motion and spring stiffness boundary conditions that emulate the effect of mooring lines. Overall, the BEM-based is shown to overestimate pressure loads applied on the platform, particularly close to the platform’s natural frequency. Quantitative analysis of the stress and deformation values experienced by the structure is carried out, identifying the critical points of the strucutre. Finally, the setup with fixed boundary conditions in the FEA is shown to unrealistically increase (almost doubling) deformation and stress levels on the structure, suggesting that spring stiffness boundary conditions are more appropriate for floating structures.</subfield>
   </datafield>
   <datafield ind1="8" ind2=" " tag="024">
      <subfield code="a">978-1-003-13457-2</subfield>
   </datafield>
   <datafield ind1="8" ind2=" " tag="024">
      <subfield code="a">https://katalogoa.mondragon.edu/janium-bin/janium_login_opac.pl?find&amp;ficha_no=166438</subfield>
   </datafield>
   <datafield ind1="8" ind2=" " tag="024">
      <subfield code="a">https://hdl.handle.net/20.500.11984/13908</subfield>
   </datafield>
   <datafield ind2="0" ind1="0" tag="245">
      <subfield code="a">Towards a high-fidelity simulation environment for structural integrity assessment of floating wind energy platforms</subfield>
   </datafield>
</record></metadata></record></GetRecord></OAI-PMH>